Труды Совещания главных окулистов [РСФСР] и XXII выездной научной сессии Государственного научно-исследовательского института глазных болезней им. Гельмгольца. Саранск, 7-9 октября 1958 г. (Запись № 9224119)

Подробности
000 -МАРКЕР
контрольное поле 01742nam0a22002771 4500
001 - ИДЕНТИФИКАТОР ЗАПИСИ
контрольное поле rc\4646192
005 - ИДЕНТИФИКАТОР ВЕРСИИ
контрольное поле 20130416201832.1
021 ## - НОМЕР ГОСУДАРСТВЕННОЙ РЕГИСТРАЦИИ
Код страны Российская Федерация
Номер [61-22830]
035 ## - ДРУГИЕ СИСТЕМНЫЕ НОМЕРА
Идентификатор записи (NLR Aleph) 008688566
100 ## - ДАННЫЕ ОБЩЕЙ ОБРАБОТКИ
Данные общей обработки 20130416d1961 |||y0rusy50 ca
101 0# - ЯЗЫК РЕСУРСА
Язык текста, звукозаписи и т.д. русский
102 ## - СТРАНА ПУБЛИКАЦИИ ИЛИ ПРОИЗВОДСТВА
Страна публикации Российская Федерация
105 ## - ПОЛЕ КОДИРОВАННЫХ ДАННЫХ: ТЕКСТОВЫЕ МАТЕРИАЛЫ, МОНОГРАФИЧЕСКИЕ
Кодированные данные о монографическом текстовом документе a z |||||
200 1# - ЗАГЛАВИЕ И СВЕДЕНИЯ ОБ ОТВЕТСТВЕННОСТИ
Основное заглавие Труды Совещания главных окулистов [РСФСР] и XXII выездной научной сессии Государственного научно-исследовательского института глазных болезней им. Гельмгольца. Саранск, 7-9 октября 1958 г.
Первые сведения об ответственности [Ред. коллегия: А.В. Рославцев (отв. ред.) и др.]
Последующие сведения об ответственности М-во здравоохранения РСФСР. М-во здравоохранения Мордов. АССР. Гос. науч.-исслед. ин-т глазных болезней им. Гельмгольца. Науч. о-во офтальмологов Мордов. АССР
210 ## - ПУБЛИКАЦИЯ, РАСПРОСТРАНЕНИЕ И ДР.
Место издания, распространения и т.д. Саранск
Имя издателя, распространителя и т. д. Морд. кн. изд-во
Дата издания, распространения и т.д. 1961
215 ## - ФИЗИЧЕСКАЯ ХАРАКТЕРИСТИКА
Специфическое обозначение материала и объем 251 с., 6 л. ил.
Другие сведения о физической характеристике черт.
Размеры 23
606 ## - НАИМЕНОВАНИЕ ТЕМЫ КАК ПРЕДМЕТ
Наименование темы Глазные болезни
Формальный подзаголовок Сборники
Код системы psbo
702 #1 - ИМЯ ЛИЦА - ВТОРИЧНАЯ ОТВЕТСТВЕННОСТЬ
Начальный элемент ввода Рославцев
Часть имени, кроме начального элемента ввода А. В.
Расширение инициалов личного имени Александр Васильевич
Код отношения Редактор
710 12 - НАИМЕНОВАНИЕ ОРГАНИЗАЦИИ - ПЕРВИЧНАЯ ОТВЕТСТВЕННОСТЬ
Начальный элемент ввода Совещание главных окулистов РСФСР
Дата проведения временной организации 1958
Место проведения временной организации Саранск
Идентификатор авторитетной/нормативной записи RU\NLR\AUTH\8810088333
712 02 - НАИМЕНОВАНИЕ ОРГАНИЗАЦИИ - ВТОРИЧНАЯ ОТВЕТСТВЕННОСТЬ
Начальный элемент ввода НИИ глазных болезней им. Гельмгольца
Идентифицирующий признак Москва
Структурное подразделение Научная сессия
Порядковый номер временной организации и / или порядковый номер ее части 22
Дата проведения временной организации 1958
Место проведения временной организации Саранск
Идентификатор авторитетной/нормативной записи RU\NLR\AUTH\8810107256
801 #0 - ИСТОЧНИК ЗАПИСИ
Страна Российская Федерация
Организация NLR
Правила каталогизации psbo
801 #1 - ИСТОЧНИК ЗАПИСИ
Страна Российская Федерация
Организация ELAR
Источник данных rusmarc
852 ## - МЕСТОНАХОЖДЕНИЕ И ШИФР ХРАНЕНИЯ
Идентификатор организации NLR
Шифр хранения (Call Number) 61-5/1654
942 ## - ДОПОЛНИТЕЛЬНЫЕ ЭЛЕМЕНТЫ ЗАПИСИ (АБИС)
Тип экземпляра АБИС Книга
980 ## - КОЛЛЕКЦИЯ
Название коллекции Национальная библиография
Экземпляры
Тип экземпляра Дата поступления Библиотека постоянного хранения Библиотека текущего хранения Место хранения Шифр хранения Штрих-код Статус экземпляра
Книга 26.10.2013 РНБ (Московский) РНБ (Московский) Русский книжный фонд: издания с 1957 года 61-5/1654 8688566-10